Historia de la cultura /

Este estudio inicia con un repaso sobre los conceptos de cultura, historia y arte, preámbulo de la presentación de las distintas culturas, el cristianismo, el renacimiento, el protestantismo, la ilustración, la cultura burguesa y la crisis actual de nuestro tiempo.

Shranjeno v:
Bibliografske podrobnosti
Glavni avtor: Tejado Fernández, M. (autor)
Format: Knjiga
Jezik:španščina
Izdaja:3a edición
Teme:
Oznake: Označite
Brez oznak, prvi označite!

MARC

LEADER 00000nam^a2200000^a^4500
001 000119891
005 20250521000000.0
009 20260310094333.826
037 |a Acervo ITESO - Biblioteca 
041 |a ESP 
082 |a 909.  |b TEJ 
100 |a Tejado Fernández, M.  |e (autor) 
245 1 0 |a Historia de la cultura /  |c M. Tejado Fernández. 
250 |a 3a edición  |b revisada 
264 |a Zaragoza, España :  |b Librería General,  |c 1960 
300 |a 438 p. 
336 |a texto  |b txt  |2 rdacontenido 
337 |a sin mediación  |b n  |2 rdamedio 
338 |a volumen  |b nc  |2 rdasoporte 
520 |a Este estudio inicia con un repaso sobre los conceptos de cultura, historia y arte, preámbulo de la presentación de las distintas culturas, el cristianismo, el renacimiento, el protestantismo, la ilustración, la cultura burguesa y la crisis actual de nuestro tiempo. 
649 |a XX 
650 |a Civilización -  |x Historia 
650 |a Cultura -  |x Historia 
650 |a Iglesia Católica -  |x Historia 
650 |a Cristianismo -  |x Historia 
650 |a Protestantismo 
650 |a Cristianismo -  |x Historia 
650 |a Geografía -  |x Historia 
650 |a Historia Antigua 
650 |a Edad Media -  |x Historia 
650 |a Historia Moderna 
650 |a Historia Universal 
650 |a Antropología Cultural 
910 |a Fondo Salvador Reynoso Reynoso 
920 |a Impresos - Libros 
930 |a Fondos Especiales 
905 |a 112 
901 |a 0800005541  |b IT2  |c ESP  |u 20250521 
902 |a https://opac.biblio.iteso.mx/vufind/Record/000119891